000 00286nam a22001337a 4500
008 181101b xxu||||| |||| 00| 0 eng d
020 _a072164841
041 _aeng
080 _24 TH
_a616
100 _a5
101 _aKIR
245 _aVascular Surgery
_cMoore.W
942 _2udc
_cBK
999 _c51456
_d51456